000 00313nam a22001337a 4500
008 181031b xxu||||| |||| 00| 0 eng d
020 _a9781559346542
041 _aeng
080 _a341
100 _a15
101 _aSHJ
245 _aThinking Critically about Ethical Issues
_cRuggiero, V.R
942 _2udc
_cBK
999 _c51332
_d51332